00533nam a2200181Ia 4500008004100000020001800041082000800059100002500067245003800092250000600130260004800136300001500184500002400199650001400223942000700237952009000244999001700334230524s9999 xx 000 0 und d a9788185618241 bBAT aG.K.Batchelor942561 3aAn Introduction to Fulid Dynamics a1 aNew DelhibCambridge University Pressc2009 a"XI,609p;" aQuantity Number: 1 aMechanics cBK 00104070aTATCLbTATCLcGENd2023-05-24l0o BATp53999r2023-05-24w2023-05-24yBK c57524d57524